000 00716nam a2200229 i 4500
001 186162
003 SpMaBN
005 20231204121034.0
008 160913s2015 sp |||| | spa d
020 _a978-84-9949-698-6
080 _a821.134.2-14"19"
100 1 _aPara Rodríguez-Santana, Ignacio.
_9156265
245 1 0 _aA la búsqueda de la verdad y la vida
_b: [poemario] /
_cIgnacio Para Rodríguez-Santana.
250 _a2ª ed.
260 _aMadrid :
_bLiber Factory,
_c2015.
300 _a244 p. ;
_c21 cm.
500 _aÍndice.
852 _aES-MaACL
_jA-13888
_9193214
_bR.151207
_cDEPO1
_dOlim: N-6888
942 _2udc
_cMONOGRAFIA
999 _c186162
_d186162